Open Data Biblioteca Nacional de Portugal


República Portuguesa: Ministério da Cultura
Biblioteca Nacional de Portugal

Catálogo da BNP: acesso por Identificadores Unívocos
Registos Bibliográficos associados ao registo de autoridade

Etiqueta de registo: 00254nam 2200025 450
001 2284677
003 http://id.bnportugal.gov.pt/bib/catbnp/2284677
100 ## $a20260417d2024 k y0pory01030103ba
101 0# $aeng$dpor
102 ## $aPT
105 ## $aa m 000yy
106 ## $ar
200 1# $aThermal rehabilitation of residential buildings using solar passive technologies$econceptualization and development of the solar bridge retrofit system (SBRS) - an innovative variant of the trombe wall$fSara Andreia Brito Coimbra$gorient. Daniel Aelenei, Maria Glória Gomes, António Moret Rodrigues
210 #9 $a[S.l.$cs.n.],$d2024
215 ## $aXXXII, 125 p.$cil.$d30 cm
328 #1 $aTese dout. Civil Engineering, Nova School of Science & Technology, Universidade Nova de Lisboa, 2024
675 ## $a696(043)$vBN$zpor$31257465
675 ## $a699.86(043)$vBN$zpor$31238570
675 ## $a620.91(043)$vBN$zpor$31269368
700 #1 $aCoimbra,$bSara Andreia Brito$31996172
702 #1 $aAelenei,$bDaniel$4727$31217917
702 #1 $aGomes,$bMaria da Glória de Almeida$4727$31156392
702 #1 $aRodrigues,$bAntónio Moret$4727$3969933
801 #0 $aPT$bBN$gRPC
966 ## $lBN$mFGMON$sS.A. 193928 V.$x1
971 ## $cisantos$d20260417
972 ## $e0$z0$d20260522$vlrevez
973 ## $ctrodrigues$d20260520

OpendataBNP@bnportugal.pt | Mais informação sobre acesso aos dados BNP